jakieś marki samochodów - Statystyki

Ogólne statystyki
  • Ten quiz został rozwiązany 80 razy
    37 od ostatniego zresetowania
  • Średni wynik to 18 z 36
Statystyki odpowiedzi
marka % Poprawnych
Audi
100%
Bmw
92%
Ford
79%
Opel
79%
Volkswagen
75%
Fiat
67%
Porsche
67%
Dacia
63%
Ferrari
63%
Mercedes benz
63%
Alfa romeo
58%
Mazda
58%
Skoda
58%
Honda
54%
Lamborghini
54%
Nissan
54%
Toyota
54%
Citroen
50%
dodge
50%
Seat
50%
Bugatti
46%
Kia
46%
Suzuki
46%
Hyundai
42%
Volvo
42%
Tesla
38%
bentley
33%
Jeep
33%
Jaguar
29%
Lexus
29%
mini
29%
Tata
29%
Rolls royce
25%
Mclaren
13%
pegeuot
4%
Renalut
4%
Nie znaleziono quizów pasujących do podanych kryteriów
Rozkład punktacji
Procent ludzi z każdym wynikiem
Percentyl według liczby udzielonych odpowiedzi
Twoja historia wyników
Nie rozwiązałeś tego quizu od ostatniego zresetowania